Normal view
MARC view
- Izhar Ul Haq
Entry Personal Name
001 - CONTROL NUMBER
- control field: 77675
003 - CONTROL NUMBER IDENTIFIER
- control field: NUST
005 - DATE AND TIME OF LATEST TRANSACTION
- control field: 20210628205947.0
008 - FIXED-LENGTH DATA ELEMENTS
- fixed length control field: 210628|| aca||aabn | a|a d
040 ## - CATALOGING SOURCE
- Original cataloging agency: NUST
- Transcribing agency: NUST
100 ## - HEADING--PERSONAL NAME
- Personal name: Izhar Ul Haq
670 ## - SOURCE DATA FOUND
- Source citation: Work cat.: (NUST): Izhar Ul Haq, Bible say quran tuk, 2002
